United States Players Biggest Transfers - Statistics

General Stats
  • This quiz has been taken 50 times
  • The average score is 48 of 123
Answer Stats
Player From Joined % Correct
RW Christian Pulisic 18/19 Borussia Dortmund Chelsea
100%
RW Christian Pulisic 23/24 Chelsea Milan
100%
SS Clint Dempsey 13/14 Tottenham Hotspur Seattle Sounders
94%
SS Clint Dempsey 12/13 Fulham Tottenham Hotspur
94%
SS Clint Dempsey 06/07 New England Revolution Fulham
94%
RB Sergino Dest 20/21 Ajax Barcelona
91%
GK Tim Howard 07/08 Manchester United Everton
91%
GK Tim Howard 03/04 New York MetroStars Manchester United
91%
CM Weston McKennie 21/22 Schalke Juventus
91%
CM Weston McKennie 20/21 Schalke Juventus
91%
CM Weston McKennie 22/23 Juventus Leeds United
91%
DM Tyler Adams 23/24 Leeds United Bournemouth
85%
DM Tyler Adams 22/23 RB Leipzig Leeds United
85%
DM Tyler Adams 18/19 New York Red Bulls RB Leipzig
85%
RM Timothy Weah 23/24 Lille Juventus
82%
RM Timothy Weah 19/20 Paris Saint-Germain Lille
82%
SS Landon Donovan 04/05 Bayer Leverkusen LA Galaxy
79%
ST Folarin Balogun 23/24 Arsenal Monaco
74%
AM Brenden Aaronson 22/23 RB Salzburg Leeds United
71%
AM Brenden Aaronson 20/21 Philadelphia Union RB Salzburg
71%
CB Chris Richards 22/23 Bayern Munich Crystal Palace
71%
CB Chris Richards 18/19 Dallas Bayern Munich
71%
AM Paxten Aaronson 22/23 Philadelphia Union Eintracht Frankfurt
71%
CM Yunus Musah 23/24 Valencia Milan
71%
CB John Brooks 17/18 Hertha Berlin Wolfsburg
65%
GK Matt Turner 23/24 Arsenal Nottingham Forest
65%
GK Matt Turner 22/23 New England Revolution Arsenal
65%
CM Michael Bradley 13/14 Roma Toronto
65%
CM Michael Bradley 12/13 Chievo Verona Roma
65%
CM Michael Bradley 08/09 Heerenveen Borussia Monchengladbach
65%
CM Michael Bradley 11/12 Borussia Monchengladbach Chievo Verona
65%
ST Jozy Altidore 13/14 AZ Alkmaar Sunderland
59%
ST Jozy Altidore 08/09 New York Red Bulls Villarreal
59%
ST Jozy Altidore 11/12 Villarreal AZ Alkmaar
59%
GK Zack Steffen 19/20 Columbus Crew Manchester City
59%
ST Josh Sargent 21/22 Werder Bremen Norwich City
56%
ST Ricardo Pepi 21/22 Dallas Augsburg
56%
ST Ricardo Pepi 23/24 Augsburg PSV
56%
CM Claudio Reyna 01/02 Rangers Sunderland
53%
CM Claudio Reyna 03/04 Sunderland Manchester City
53%
CM Claudio Reyna 99/00 Wolfsburg Rangers
53%
GK Brad Friedel 08/09 Blackburn Rovers Aston Villa
47%
GK Brad Friedel 97/98 Columbus Crew Liverpool
47%
RB DeAndre Yedlin 16/17 Tottenham Hotspur Newcastle United
47%
RB DeAndre Yedlin 14/15 Seattle Sounders Tottenham Hotspur
47%
LB Antonee Robinson 19/20 Everton Wigan Athletic
44%
LB Antonee Robinson 20/21 Wigan Athletic Fulham
44%
GK Brad Guzan 08/09 Chivas USA Aston Villa
44%
CB Cameron Carter-Vickers 22/23 Tottenham Hotspur Celtic
44%
ST Eddie Johnson 07/08 Kansas City Wizards Fulham
44%
GK Gabriel Slonina 22/23 Chicago Fire Chelsea
44%
LW Fabian Johnson 09/10 1860 Munich Wolfsburg
41%
CB Tim Ream 11/12 New York Red Bulls Bolton Wanderers
41%
CB Tim Ream 15/16 Bolton Wanderers Fulham
41%
ST Bobby Wood 16/17 Union Berlin Hamburg
35%
ST Bobby Wood 18/19 Hamburg Hannover
35%
LB DaMarcus Beasley 04/05 Chicago Fire PSV
35%
LB DaMarcus Beasley 07/08 PSV Rangers
35%
ST Haji Wright 23/24 Antalyaspor Coventry City
35%
ST Haji Wright 22/23 Sonderjyske Antalyaspor
35%
ST Matthew Hoppe 21/22 Schalke Mallorca
35%
ST Matthew Hoppe 22/23 Mallorca Middlesbrough
35%
CB Matt Miazga 15/16 New York Red Bulls Chelsea
32%
ST Aron Johannsson 15/16 AZ Alkmaar Werder Bremen
26%
ST Aron Johannsson 12/13 Aarhus AZ Alkmaar
26%
ST Jordan Pefok 18/19 Reims Rennes
26%
ST Jordan Pefok 22/23 Young Boys Union Berlin
26%
ST Jordan Pefok 21/22 Rennes Young Boys
26%
GK Kasey Keller 96/97 Millwall Leicester City
26%
LW Konrad de la Fuente 21/22 Barcelona Marseille
26%
AM Malik Tillman 23/24 Bayern Munich PSV
26%
AM Caden Clark 21/22 New York Red Bulls RB Leipzig
24%
CB Geoff Cameron 12/13 Houston Dynamo Stoke City
24%
RB Joe Scally 20/21 New York City Borussia Monchengladbach
24%
RB Timothy Chandler 14/15 Nuremberg Eintracht Frankfurt
24%
CB Auston Trusty 23/24 Arsenal Sheffield United
21%
CB Auston Trusty 21/22 Colorado Rapids Arsenal
21%
DM Danny Williams 13/14 Hoffenheim Reading
21%
ST Daryl Dike 21/22 Orlando City West Bromwich Albion
21%
CB Erik Palmer-Brown 23/24 Troyes Panathinaikos
21%
AM Freddy Adu 07/08 Real Salt Lake Benfica
21%
CM Gianluca Busio 21/22 Kansas City Venezia
21%
CM Benny Feilhaber 07/08 Hamburg Derby County
18%
LM Brek Shea 12/13 Dallas Stoke City
18%
ST Terrence Boyd 14/15 Rapid Vienna RB Leipzig
18%
LW Tyler Boyd 19/20 Vitora Guimaraes Besiktas
18%
RB Bryan Reynolds 21/22 Dallas Roma
15%
RB Bryan Reynolds 23/24 Roma Westerlo
15%
ST Charlie Davies 09/10 Hammarby Sochaux
15%
AM Djordje Mihailovic 22/23 Montreal AZ Alkmaar
15%
AM Djordje Mihailovic 20/21 Chicago Fire Montreal
15%
GK Ethan Horvath 16/17 Molde Club Brugge
15%
RM John Harkes 93/94 Sheffield Wednesday Derby County
15%
LM Kevin Paredes 21/22 DC United Wolfsburg
15%
DM Maurice Edu 08/09 Toronto Rangers
15%
RW Paul Arriola 17/18 Tijuana DC United
15%
RW Paul Arriola 21/22 DC United Dallas
15%
RB Shaq Moore 22/23 Tenerife Nashville
15%
DM Kellyn Acosta 21/22 Colorado Rapids Los Angeles
12%
CM Luca de la Torre 22/23 Heracles Almelo Celta Vigo
12%
CB Mark McKenzie 20/21 Philadelphia Union Genk
12%
CB Walker Zimmermann 19/20 Los Angeles Nashville
12%
LM Eddie Lewis 99/00 San Jose Earthquakes Fulham
9%
LB George Bello 21/22 Atlanta United Arminia Bielefeld
9%
ST Herculez Gomez 13/14 Santos Laguna Tijuana
9%
ST Herculez Gomez 10/11 Puebla Pachuca
9%
DM Owen Otasowie 21/22 Wolverhampton Wanderers Club Brugge
9%
RB Reggie Cannon 20/21 Dallas Boavista
9%
CM Sebastian Lletget 21/22 LA Galaxy New England Revolution
9%
RW Alex Zendejas 21/22 Necaxa Club America
6%
ST Andrija Novakovich 22/23 Frosinone Venezia
6%
LM Bobby Convey 04/05 DC United Reading
6%
RW Kenny Saief 18/19 Gent Anderlecht
6%
LB Kristoffer Lund 23/24 Hacken Palermo
6%
LB Sam Vines 21/22 Colorado Rapids Royal Antwerp
6%
CM Tanner Tessmann 21/22 Dallas Venezia
6%
DM Chris Durkin 20/21 DC United Sint-Truiden
3%
LB Edgar Castillo 08/09 Santos Laguna Club America
3%
RW Emmanuel Sabbi 23/24 Odense Le Havre
3%
DM Fernando Arce 22/23 Juarez Puebla
3%
ST Jeremy Ebobisse 21/22 Portland Timbers San Jose Earthquakes
3%
CB Joshua Wynder 23/24 Louisville City Benfica
3%
ST Roy Lassiter 96/97 Tampa Bay Mutiny Genoa
3%
No matching quizzes found
Score Distribution
Percent of People with Each Score
Percentile by Number Answered
Your Score History
You have not taken this quiz